| 000 | 00345nam a22001337a 4500 | ||
|---|---|---|---|
| 082 | _a331.88OLS | ||
| 100 | _aOLSON, MANCUR | ||
| 245 | _aTHE LOGIC OF COLLECTIVE ACTION | ||
| 260 |
_aNEW YORK _bSCHCKEN BOOKS _c1972 |
||
| 300 |
_aVIII,176P _bILL,:25CM |
||
| 500 | _aINCLUDES INDEX | ||
| 650 | _aPUBLIC GOODS AND THE THEORY OF GROUPS | ||
| 942 | _cBK | ||
| 999 |
_c14903 _d14903 |
||